Thiết kế Website bán sách tin học

Giới thiệu đôi nét về Website. Ngôn ngữ PHP và hệ quản trị CSDL MYSQL. Phân tích hệ thống thông tin. Thiết kế hệ thống thông tin

Guardat en:
Dades bibliogràfiques
Autor principal: Hồ, Bích Thảo
Altres autors: Ngô, Đình Thưởng Th.S (Hướng dẫn)
Format: Llibre
Idioma:Vietnamese
Publicat: Đại học Đà Nẵng Trường đại học Sư Phạm 2007
Col·lecció:Khóa luận tốt nghiệp đại học. Chuyên ngành: Cử nhân Công nghệ thông tin
Matèries:
Etiquetes: Afegir etiqueta
Sense etiquetes, Sigues el primer a etiquetar aquest registre!
Thư viện lưu trữ: Mạng thư viện Đại học Đà Nẵng
LEADER 01446nam a2200349 4500
001 000012449
003 8746
005 20120220150236.0
008 120220s2007 viesd
041 |a vie 
072 |a Khóa luận tốt nghiệp 
082 |a 006.7  |b HO-T 
100 |a Hồ, Bích Thảo 
245 |a Thiết kế Website bán sách tin học  |c Hồ, Bích Thảo 
260 |a Đại học Đà Nẵng  |b Trường đại học Sư Phạm  |c 2007 
300 |a 89 tr.  |b hình mhọa  |c 29 cm 
490 |a Khóa luận tốt nghiệp đại học. Chuyên ngành: Cử nhân Công nghệ thông tin 
500 |a Tham khảo tr.89 
520 |a Giới thiệu đôi nét về Website. Ngôn ngữ PHP và hệ quản trị CSDL MYSQL. Phân tích hệ thống thông tin. Thiết kế hệ thống thông tin 
653 |a Khóa luận tốt nghiệp đại học 
653 |a Khoa Tin học 
700 |a Ngô, Đình Thưởng  |c Th.S  |e Hướng dẫn 
OWN |a LSP 
AVA |a UDN50  |b LSP  |d 006.7 HO-T  |e available  |t Error 5001 Not defined in file expand_doc_bib_avail.  |f 1  |g 0  |h N  |i 0  |k 1 
999 |a From the UDN01 
AVA |a UDN50  |b LSP  |d 006.7 HO-T  |e available  |t Error 5001 Not defined in file expand_doc_bib_avail.  |f 1  |g 0  |h N  |i 0  |k 1 
TYP |a Monograph 
TYP |a Printed language 
980 |a Mạng thư viện Đại học Đà Nẵng